000 00479nam a2200193Ia 4500
003 OSt
005 20220609164143.0
008 210210b1980 xxu||||| |||| 00| 0 eng d
040 _cAL
041 _aeng
082 _a361.06 MASC
100 _aMASCARENHAS (Marie M).
_941568
245 _aCounselling youth: love sex marriage
260 _aBangalore
_bAsian Trading Corporation
_c1980
300 _a103
690 _aCounselling
_941569
906 _a035825
942 _2ddc
_cBK
999 _c86049
_d86049